Operation Management / (Record no. 589157)
[ view plain ]
| 000 -LEADER | |
|---|---|
| fixed length control field | 00431nam a22001457a 4500 |
| 020 ## - INTERNATIONAL STANDARD BOOK NUMBER | |
| International Standard Book Number | 9788131705193 |
| 082 ## - DEWEY DECIMAL CLASSIFICATION NUMBER | |
| Classification number | 658.5 |
| Author Mark | RUS |
| 100 ## - MAIN ENTRY--PERSONAL NAME | |
| Personal name | Russell, Roberta S. & Taylor III, Bernard W. |
| 245 ## - TITLE STATEMENT | |
| Title | Operation Management / |
| Statement of responsibility, etc. | Roberta S. Russell, & Bernard W. Taylor III |
| 250 ## - EDITION STATEMENT | |
| Edition statement | Fourth Edition. |
| 260 ## - PUBLICATION, DISTRIBUTION, ETC. | |
| Place of publication, distribution, etc. | New Delhi : |
| Name of publisher, distributor, etc. | Pearson Education, |
| Date of publication, distribution, etc. | 2003. |
| 300 ## - PHYSICAL DESCRIPTION | |
| Extent | 846p. ; |
| Dimensions | 26 cm. |
| 563 ## - BINDING INFORMATION | |
| Binding note | PBK. |
| 942 ## - ADDED ENTRY ELEMENTS (KOHA) | |
| Source of classification or shelving scheme | |
| Koha item type | Book |
| Withdrawn status | Lost status | Source of classification or shelving scheme | Damaged status | Not for loan | Permanent Location | Current Location | Shelving location | Date acquired | Source of acquisition | Total Checkouts | Full call number | Barcode | Date last seen | Price effective from | Koha item type |
|---|---|---|---|---|---|---|---|---|---|---|---|---|---|---|---|
| Central Library (CL) | Central Library (CL) | Operation Management | 04/14/2022 | Donation | 658.5 RUS | CL-D-1656 | 04/14/2022 | 04/14/2022 | Book |
